| 000 | 00493pam a2200169 a 4500 | ||
|---|---|---|---|
| 020 | _a0226437264 | ||
| 040 | _cDLC | ||
| 082 | 0 | 0 | _a574 UNI 1985 A025 Or. |
| 100 | 1 | _aKingsland, Sharon E. | |
| 245 | 1 | 0 |
_aModeling nature : _bepisodes in the history of population ecology / |
| 260 |
_aChicago : _bUniversity of Chicago Press, _cc1985. |
||
| 300 |
_aix, 267 p. : _bports. ; _c24 cm. |
||
| 500 | _aIncludes index. | ||
| 650 | 0 | _aPopulation biology | |
| 650 | 0 | _aPopulation biology | |
| 942 | _cEK | ||
| 999 |
_c13663 _d13663 |
||